[Event "FIRST SATURDAY TOURNAMENTS Budapest IM  "]
[Site "Budapest"]
[Date "2011.07.11"]
[Round "10.2"]
[White "Kantor, Gergely"]
[Black "Battey, Alexander"]
[Result "1/2-1/2"]
[WhiteElo "2255"]
[BlackElo "2326"]
[PlyCount "47"]
[EventDate "2011.07.02"]

1. d4 e6 2. c4 f5 3. g3 Nf6 4. Bg2 d5 5. Nf3 c6 6. O-O Bd6 7. Nc3 O-O 8. Qc2
Bd7 9. Rb1 b5 10. cxb5 cxb5 11. a3 Qb6 12. Qd3 a6 13. Bf4 Bxf4 14. gxf4 Nc6 15.
e3 Ne4 16. Ne5 Nxe5 17. dxe5 Nxc3 18. Qxc3 Rac8 19. Qd2 Rc7 20. Rbc1 Rfc8 21.
Bf3 Rxc1 22. Rxc1 Rxc1+ 23. Qxc1 b4 24. axb4 1/2-1/2

[Event "FIRST SATURDAY TOURNAMENTS Budapest IM  "]
[Site "Budapest"]
[Date "2011.07.11"]
[Round "10.3"]
[White "Husari, Satea"]
[Black "Lyell, Mark"]
[Result "0-1"]
[WhiteElo "2306"]
[BlackElo "2224"]
[PlyCount "46"]
[EventDate "2011.07.02"]

1. d4 d5 2. c4 Nc6 3. cxd5 Qxd5 4. e3 e5 5. Nc3 Bb4 6. Bd2 Bxc3 7. Bxc3 exd4 8.
Ne2 Nf6 9. Nxd4 O-O 10. Nb5 Qg5 11. Nxc7 Bg4 12. Qb3 Rad8 13. Qxb7 Rd6 14. Nb5
Re6 15. Nd4 Rxe3+ 16. fxe3 Qxe3+ 17. Ne2 Ne4 18. Qxc6 Rd8 19. Qxe4 Qxe4 20. Rd1
Rxd1+ 21. Kxd1 Bxe2+ 22. Kc1 Qf4+ 23. Bd2 Qc4+ 0-1